Online Catalogue and eLibrary

Orumaya vaddankal (Record no. 4060)

MARC details
000 -LEADER
fixed length control field 00366nam a2200157Ia 4500
005 - DATE AND TIME OF LATEST TRANSACTION
control field 20250405121734.0
008 - FIXED-LENGTH DATA ELEMENTS--GENERAL INFORMATION
fixed length control field 240331s9999 xx 000 0 und d
082 ## - DDC Classification
Item Number - Author Mark SEN
Class No. 894
100 ## - MAIN ENTRY--PERSONAL NAME
Personal name Sengaiyaliyan, K
245 #0 - TITLE STATEMENT
Title Orumaya vaddankal
250 ## - EDITION STATEMENT
Edition statement 2nd
260 ## - PUBLICATION, DISTRIBUTION, ETC.
Place of publication, distribution, etc. Niraaviyadi
Name of publisher, distributor, etc. Kamalam Pathippagam
Date of publication, distribution, etc. 1991
300 ## - PHYSICAL DESCRIPTION
Extent (e.g. Volumes, Pages etc.) 94 p .,
650 ## - SUBJECT ADDED ENTRY--TOPICAL TERM
Topical term or geographic name entry element Novel
942 ## - Koha item type (Biblio)
Koha item type Books in Stacks (Lending)
Holdings
Lost status Damaged status Collection code Home library Current library Shelving location Date acquired Full call number Accession Number Item type
    Lending WERC Library WERC Library Social Science Cupboard 03/31/2024 894.811 SEN 1209 Books in Stacks (Lending)

© WERC Library